000 00841nas a2200241 454500
001 10132
005 20260407193504.0
008 260407s1974####ag###########|||spa#d
003 AR-UNSa-BCEJYS
040 _aAR-UNSa-BCEJYS
_bspa
_cAR-UNSa-BCEJYS
080 _a349.2
_xDerecho del Trabajo
245 1 0 _aLegislación del trabajo
_psumario
022 _a0455-5570
264 1 _aBuenos Aires :
_bEdiciones Contabilidad Moderna
_c1974
310 _aFrecuencia: Mensual Cambia de Dir. a partir del Nº 373 por Juan Carlos Fernández Madrid
942 _cSER
590 _aniveau_biblio:s niveau_hierar:1
100 1 _aRaimondi, Carlos A.
650 _aTrabajo
650 _aDerecho del trabajo
650 _aLegislación
856 4 1 _uhttps://biblioeco.unsa.edu.ar/pmb/images/revistas/Legislacion del Trabajo.jpg
_yImagen de portada
_qimage/jpeg
999 _c8439
_d8439